| 000 | 01734nam0a2200421 4500 | ||
|---|---|---|---|
| 001 | RU\NLR\bibl\1250312 | ||
| 005 | 20250615123807.0 | ||
| 010 |
_a978-5-17-023426-4 _bАСТ |
||
| 010 |
_a978-966-696-457-4 _bСталкер _95000 |
||
| 021 |
_aRU _b2008-38150 _92102 |
||
| 035 | _a(nilc)EL/0000198927 | ||
| 035 | _aRUM0046482 | ||
| 035 | _a(NLR Aleph) 001236406 | ||
| 090 |
_a230943 _c230943 |
||
| 100 | _a20080526d2008 |||y0rusy50 ca | ||
| 101 | 0 | _arus | |
| 102 |
_aRU _aUA |
||
| 105 | _aa ||||||||| | ||
| 200 | 1 |
_aДачная коптильня _eтехнология копчения мяса и рыбы, холодные и горячие блюда из копченых продуктов _f[авт.-сост. И.Р. Киреевский] |
|
| 210 |
_aМосква _cАСТ _aДонецк _cСталкер _d2008 |
||
| 215 |
_a110, [1] с. _cил. _d20 |
||
| 225 | 1 | _aПриусадебное хозяйство | |
| 606 | 1 |
_aМясо _xКопчение _91464646 _3RU\NLR\auth\66312294 |
|
| 606 | 1 |
_aРыба _xКопчение _91049412 _3RU\NLR\auth\66405402 |
|
| 610 | 0 |
_aмясо _aрыба _aкопчение _aкулинарные изделия _aкоптильные камеры _aприусадебные участки _aтехнологии |
|
| 675 |
_a631.21 _v4 |
||
| 686 |
_a75.35.85 _2rugasnti |
||
| 686 |
_a75.35.81 _2rugasnti |
||
| 686 | _aЛ920.51 | ||
| 686 | _aЛ946.301 | ||
| 702 | 1 |
_aКиреевский _bИ. Р. _gИгорь Ростиславович _4220 |
|
| 801 | 0 |
_aRU _bЦНСХБ РАСХН _c20080526 _gRCR |
|
| 801 | 1 |
_aRU _bЦНСХБ РАСХН _c20080611 _2rusmarc |
|
| 801 | 2 |
_aRU _bNLR _c20080709 _grcr |
|
| 830 | _aсост. по кн. | ||
| 942 | _cBOOK | ||
| 980 | _aNB | ||